=LDR 00000nam 2200000 4500 =001 INLIS000000000044983 =005 20141208142555.0 =006 =007 =008 =020 ##$$a 978-979-610-337-9 =035 ##$$0010-121400000000133 =082 ##$$a 372.707 6 =090 ##$$a 372.707 6 Dew b =100 ##$$a Aryo Dewantara =245 ##$$a Bahas tuntas 1001 Soal matematika SMP =260 ##$$a Yogyakarta $b Pustaka widyatama $c 2009 =300 ##$$a iv, 184 hlm $c 28 cm =850 ##$$a NBPNMAT =990 ##$$a 0001/BPAP-NTB/20142014 =990 ##$$a 0001/BPAP-NTB/20142015